| 000 | 02081nam a22002897a 4500 | ||
|---|---|---|---|
| 999 |
_c60021 _d60021 |
||
| 003 | Ge_BSU | ||
| 005 | 20230531105403.0 | ||
| 008 | 230530s2018ge xxu||||| |||| 00| 0 geo d | ||
| 020 | _a9788378931744 | ||
| 041 | _ageo | ||
| 080 | _a811.353.1'282'373 ბ-52 | ||
| 100 |
_aბერიძე, მარინა, ავტორი. _918329 |
||
| 245 |
_aფერეიდნული დიალექტის კორპუსული ლექსიკონი : _b(ქართული დიალექტური კორპუსი) / _cმარინა ბერიძე, ლია ბაკურაძე, ნიკოლოზ ნახუცრიშვილი ; რედაქტორები: ზაქარია ფურცხვანიძე, ელენე ნაპირელი ; |
||
| 264 |
_aთბილისი, _c 2018. |
||
| 300 |
_a372 გვ. ; _b 24 სმ. |
||
| 440 |
_aსაბა - ქართული ლექსიკონი _918330 |
||
| 500 | _aყდაზე ავტორები მითითებულები არ არიან. | ||
| 546 | _aთავფურცლის მე-3 გვერდი ინგლისურ ენაზე. ყდა ქართულ და ინგლისურ ენებზე | ||
| 653 | _aქართული ენის დიალექტური ლექსიკონი. | ||
| 653 | _aფერეიდნული დიალექტი. | ||
| 700 |
_aბაკურაძე, ლია _913719 |
||
| 700 |
_aნახუცრიშვილი, ნიკოლოზ _93951 |
||
| 700 |
_aფურცხვანიძე, ზაქარია _eრედაქტორი _92140 |
||
| 700 |
_aნაპირელი, ელენე _eრედაქტორი _913720 |
||
| 710 |
_a სახელმწ. ენის დეპარტამენტი, თსუ არნ. ჩიქობავას სახ. ენათმეცნიერების ინ-ტი. _918331 |
||
| 942 |
_2udc _cBK |
||